书目信息 |
| 题名: |
日语学习
|
|
| 作者: | 李思敬 主编 | |
| 分册: | ||
| 出版信息: | 北京 商务印书馆 1983 |
|
| 页数: | 1册 | |
| 开本: | 19cm | |
| 丛书名: | ||
| 单 册: | ||
| 中图分类: | H36 | |
| 科图分类: | ||
| 主题词: | 日语 | |
| 电子资源: | ||
| ISBN: | ||
| 000 | 00602nam0 2200229 45 | |
| 001 | 0179001567 | |
| 005 | 20060724171435.28 | |
| 010 | @b精装@dCNY2.15 | |
| 091 | @a9017.1246 | |
| 100 | @a19950718d1983 em y0chiy0121 ea | |
| 101 | 0 | @achi@ajpn |
| 102 | @aCN@b110000 | |
| 105 | @ay z 000yy | |
| 200 | 10 | @a日语学习@Ari yu xue xi@e5-8辑合订本@f李思敬主编@FLi Si Jing Zhu Bian |
| 210 | @a北京@c商务印书馆@d1983 | |
| 215 | @a1册@d19cm | |
| 517 | @a5-8辑合订本@A5-8 ji he ding ben | |
| 606 | 0 | @a日语 |
| 690 | @aH36@v3 | |
| 701 | 0 | @a李思敬@4主编 |
| 801 | 0 | @aCN@bNLC@c20060724 |
| 905 | @dH36@e156:2 | |
| 日语学习:5-8辑合订本/李思敬主编.-北京:商务印书馆,1983 |
| 1册;19cm |
| ISBN (精装):CNY2.15 |
| ● |
| 相关链接 |
|
|
|
|
正题名:日语学习
索取号:H36/156:2
 
预约/预借
| 序号 | 登录号 | 条形码 | 馆藏地/架位号 | 状态 | 备注 |
| 1 | 0435973 | 204359737 | 密集书库/ [索取号:H36/156:2] | 在馆 | |
| 2 | 0435974 | 204359746 | 密集书库/ [索取号:H36/156:2] | 在馆 |